NOT ALL HEROES WEAR CAPES - Metro Boomin - Statistics

General Stats
  • This quiz has been taken 4 times
  • The average score is 5 of 13
Answer Stats
Songs Plays Artist(s) % Correct
Overdue 602,172,202 Metro Boomin, Travis Scott
75%
Space Cadet 1,105,927,968 Metro Boomin, Gunna
75%
10 Freaky Girls 748,400,488 Metro Boomin, 21 Savage
50%
Lesbian 67,979,448 Metro Boomin, Young Thug, Gunna
50%
No More 117,304,829 Metro Boomin, Travis Scott, 21 Savage, Kodak Black
50%
Only 1 (Interlude) 85,421,466 Metro Boomin, Travis Scott
50%
10AM/Save The World 55,725,679 Metro Boomin, Gucci Mane
25%
Borrowed Love 134,871,935 Metro Boomin, Wizkid, Swae Lee
25%
Don't Come Out the House 266,552,428 Metro Boomin, 21 Savage
25%
Dreamcatcher 181,647,491 Metro Boomin, Travis Scott, Swae Lee
25%
No Complaints (Bonus) 298,863,816 Metro Boomin, Drake, Offset
25%
Only You 44,429,121 Metro Boomin, J Balvin, Wizkid, Offset
25%
Up To Something 55,919,125 Metro Boomin, Travis Scott, Young Thug
25%
No matching quizzes found
Score Distribution
Percent of People with Each Score
Percentile by Number Answered
Your Score History
You have not taken this quiz